Asociación Española para el Progreso de las Ciencias (Record no. 46681)
[ view plain ]
| 000 -LEADER | |
|---|---|
| campo de control de longitud fija | 01096nam a2200169 i 4500 |
| 001 - NÚMERO DE CONTROL | |
| campo de control | 46681 |
| 003 - IDENTIFICADOR DE NÚMERO DE CONTROL | |
| campo de control | ES-MaACL |
| 005 - FECHA Y HORA DE LA ÚLTIMA TRANSACCIÓN | |
| campo de control | 20230906161428.0 |
| 007 - CAMPO FIJO DE DESCRIPCIÓN FÍSICA--INFORMACIÓN GENERAL | |
| campo de control de longitud fija | t| |
| 008 - DATOS DE LONGITUD FIJA--INFORMACIÓN GENERAL | |
| campo de control de longitud fija | 030331m19291931sp ||||1| spa d |
| 110 2# - ENTRADA PRINCIPAL--NOMBRE DE ENTIDAD CORPORATIVA | |
| Nombre de entidad corporativa o nombre de jurisdicción como elemento de entrada | Asociación Española para el Progreso de las Ciencias. |
| Unidad subordinada | Congreso ( |
| Número del congreso/reunión o número de parte o sección | 12º. |
| Fecha del congreso o de la firma del tratado | 1929. |
| Sede del congreso/Lugar de la reunión | Barcelona) |
| 9 (RLIN) | 1694 |
| 245 10 - MENCIÓN DEL TÍTULO | |
| Título | Asociación Española para el Progreso de las Ciencias |
| Resto del título | : duodécimo congreso celebrado en la ciudad de Barcelona del 20 al 27 de mayo de 1929. |
| 260 ## - PUBLICACIÓN, DISTRIBUCIÓN, ETC. | |
| Lugar de publicación, distribución, etc. | Madrid : |
| Nombre del editor, distribuidor, etc. | [s.n.], |
| Fecha de publicación, distribución, etc. | 1929-1931 ( |
| Fabricante | Huelves y Compañía) |
| 300 ## - DESCRIPCIÓN FÍSICA | |
| Extensión | 11 v. ; |
| Dimensiones | 26 cm. |
| 505 8# - NOTA DE CONTENIDO CON FORMATO | |
| Nota de contenido con formato | Contiene: T. I. Primera parte. Discursos inaugurales. -- T. I. Segunda parte. Discursos inaugurales. -- T. II: Ciencias matemáticas. -- T. III-IV: Ciencias astronómicas, geofísicas y geográficas. -- T. V: Ciencias físicoquímicas. -- T. VI: Ciencias naturales. -- T. VII: Ciencias sociales. -- T. VIII: Ciencias históricas, folosóficas y filológicas. -- T. IX. Primera parte. Ciencias médicas. -- T. IX. Segunda parte. Ciencias médicas. -- T. X: Apliaciones |
| 852 ## - LOCALIZACIÓN | |
| Ubicación | ES-MaACL |
| Número de control de estantería | D-8675-76 |
| Estatus retirado | Estado de pérdida | Estado de daño | No para préstamo | Biblioteca de origen | Biblioteca actual | Ubicación en estantería | Fecha de adquisición | Fuente de adquisición | Total de préstamos | Signatura topográfica completa | Código de barras | Visto por última vez | Precio de reemplazo | Tipo de ítem Koha |
|---|---|---|---|---|---|---|---|---|---|---|---|---|---|---|
| Biblioteca del Ateneo de Madrid | Biblioteca del Ateneo de Madrid | Sala Valle Inclán | 17/01/2008 | D-8675-76 | 901049098 | 23/02/2023 | 23/02/2023 | Libro impreso |
